International law

Uloženo v:
Podrobná bibliografie
Hlavní autor: Fenwick, Charles G (Autor)
Médium: Kniha
Jazyk:angličtina
Vydáno: Nueva York Appleton Century Crofts 1952
Vydání:3a. ed
Edice:The Century Political Science Series
Témata:
Tagy: Přidat tag
Žádné tagy, Buďte první, kdo vytvoří štítek k tomuto záznamu!

MARC

LEADER 00000nam a2200000 a 4500
001 UCP3516
003 CL-VaPUC
008 990625e19520000US |||||||||||||||||eng|d
082 0 4 |a 341  |b FEN  |2 21 
100 0 |a Fenwick, Charles G  |e author  |9 430869 
245 1 0 |a International law 
250 |a 3a. ed 
300 |a 744 p 
942 |c BK 
945 |d 19990625 00:00:00  |a vberengu 
260 |a Nueva York  |b Appleton Century Crofts  |c 1952 
650 0 |a Historia del derecho  |9 255109 
650 7 |a DERECHO MUNICIPAL  |2 CL-VaPUC  |9 257568 
650 0 |a Estado  |9 255503 
650 0 |a Jurisdicción  |9 255090 
650 7 |a RESPONSABILIDAD INTERNACIONAL  |2 CL-VaPUC  |9 430870 
650 0 |a Derecho aéreo  |9 260765 
650 0 |a Derecho marítimo  |9 255301 
650 0 |a Derecho internacional  |9 255637 
651 0 |a Europa  |9 255156 
651 0 |a América Latina   |9 255027 
583 |a last modification  |c 19990625 00:00:00  |k Rodrigo Vera 
490 0 |a The Century Political Science Series 
999 |c 281827  |d 281825 
952 |0 0  |1 0  |4 0  |6 341_000000000000000_FEN_1952  |7 0  |8 A  |9 322825  |a BIBDER  |b BIBDER  |d 2019-11-20  |i 3479285  |o 341 FEN 1952  |p 3479285  |r 2023-01-25  |w 2019-11-20  |y BK  |k DER